| 000 | 00665nam a2200241Ia 4500 | ||
|---|---|---|---|
| 005 | 20250425162308.0 | ||
| 008 | 250425s9999 xx 000 0 und d | ||
| 041 | _aspa | ||
| 082 | _a361 | ||
| 100 | _aBANCO INTERAMERICANO, DE DESARROLLO | ||
| 245 | 0 | _aOPORTUNIDADES PARA LA MAYORIA | |
| 250 | _aS.E | ||
| 260 |
_aEstados Unidos _bBANCO INTERAMERICANO DE DESARROLLO _c1950 |
||
| 260 | _aWASHINGTON | ||
| 300 | _a150 | ||
| 500 | _aASOCIACIONES, PROBLEMAS DE VIVIENDAS , DEMOCRACIA FINANCIERA | ||
| 650 | _aDEMOCRACIA | ||
| 650 | _aEMPRESAS | ||
| 650 | _aVIVIENDAS | ||
| 710 | _aBANCO INTERAMERICANO DE DESARRROLLO | ||
| 942 | _c01 | ||
| 010 | _a60136 | ||
| 999 |
_c226278 _d226278 |
||